000 00947cam a22002771 4500
999 _c126238
_d126238
001 1221314
003 ARRUPE
005 20170228095420.0
008 771220s1957 nyu 000 0 eng
010 _a 57013344
040 _aDLC
_cICU
_dICU
_dDLC
041 1 _aeng
_hlat
050 0 0 _aBR65
_b.A642 1957
082 0 0 _a239.3
100 0 _aAugustine,
_cSaint, Bishop of Hippo.
_929117
240 1 0 _aDe civitate Dei.
_kSelections.
_lEnglish
245 1 0 _aOn the two cities;
_bselections from The city of God,
_cedited by F. W. Strothmann.
260 _aNew York,
_bF. Ungar Pub. Co.
_c[1957]
300 _a127 p.
_c21 cm.
490 0 _aMilestones of thought
600 _aAugustine, st.
_913740
650 0 _aKingdom of God
_vEarly works to 1800.
_929118
650 0 _aApologetics
_vEarly works to 1800.
_929119
700 1 _aStrothmann, Friedrich Wilhelm,
_d1904-1982,
_eed.
_929120
906 _a7
_bcbc
_corignew
_du
_eocip
_f19
_gy-gencatlg
942 _2lcc
_cMONOGRAPH